000 01534cam a2200337 a 4500
001 77988
003 BD-RjUL
005 20211209083056.0
008 210227s2004 sy ab ab 001 0 ara d
020 _a159239339X
020 _a096245950X
035 _a(BD-RjUL)78214
040 _aLB-BrSB
_cLB-BrSB
_dPU
_dDLC-R
_beng
041 0 _aara
_beng
082 _223
_a909.097671
_bSAR 2004
100 1 _aصديق، محمد يوسف. ;; Siddiq, Mohammad Yusuf.
_9245319
245 1 0 _aرحلة مع النقوش الكتابية الإسلامية في بلاد البنغا ل : دراسة تاريخية حضارية ;; Riḥlah maʻa al-nuqūsh al-kitābīyah al-Islāmīyah fī bilād al-Banghāl :
_bdirāsah tārīkhīyah ḥaḍārīyah /
_cمحمد يوسف صديق. ;; Muḥammad Yūsuf Ṣiddīq.
246 1 _iTitle on p. [4] of cover:
_aEpigraphical journey through Muslim Bengal
246 1 5 _aRihḷa ma'a al-nuqūsh al-kitābiyya al-Islāmiyya fī bilād al-Bangāl
250 _aal-Ṭabʻah 1.
260 _aDimashq :
_bDār al-Fikr,
_c2004.
300 _a492 p. :
_bill., maps ;
_c25 cm.
504 _aIncludes bibliographical references (p. 448-450, 490-477) and indexes.
650 0 _aIslamic inscriptions
_zIndia
_zBengal.
_9245320
650 0 _aIslamic inscriptions
_zBangladesh.
_9245321
650 0 _aInscriptions, Arabic
_zIndia
_zBengal.
_9245322
650 0 _aInscriptions, Arabic
_zBangladesh.
_9245323
942 _2ddc
_cBK
999 _c77988
_d77988